| 000 | 00813nam a22001937a 4500 | ||
|---|---|---|---|
| 999 |
_c16778 _d16778 |
||
| 008 | 220404b ||||| |||| 00| 0 eng d | ||
| 020 | _a9786218219083 | ||
| 082 |
_22020 _aDFil 363.230 _bC738 |
||
| 245 |
_aComparative models in policing/ _cJasmin L. ParreƱo, Mark E. Patalinghug, Rose Ann Diagsay-Aguja, Maida Mae B. Calpo, authors |
||
| 260 |
_aNueva Ecija: _bMind Shaper Publishing House, _c2020. |
||
| 300 |
_ai, 169 pages: _billustrations; _c25 cm. |
||
| 650 |
_a Police -- Philippines -- Study and teaching _944867 |
||
| 650 |
_a Community policing -- Philippines _944868 |
||
| 650 |
_a Law enforcement -- Philippines _943897 |
||
| 700 |
_aPatalinghug, Mark E., _eauthor _944869 |
||
| 700 |
_aDiagsay-Aguja, Rose Ann, _eauthor _944870 |
||
| 700 |
_aCalpo, Maida Mae B., _eauthor _944871 |
||
| 942 |
_2ddc _cDFIL |
||